| 000 | 00692nam a22001937a 4500 | ||
|---|---|---|---|
| 999 |
_c11148 _d11148 |
||
| 003 | AR-CdUCM | ||
| 008 | 190403b ||||| |||| 00| 0 spa d | ||
| 040 |
_aMUNICIPALIDAD PROVINCIAL DEL CUSCO _cBIBLIOTECA MUNICIPAL DEL CUSCO |
||
| 082 |
_aES / 530 / _bC72 |
||
| 100 |
_aEscalante Flores, Edwin _928346 |
||
| 245 |
_aFísica I : _bBanco de Preguntas Resueltas / |
||
| 260 |
_aCusco - Perú : _bEdiciones Academia Pre Universitaria Nobel ; _c2012. |
||
| 300 |
_a265 páginas ; _bFórmulas, diagramas _c21cm |
||
| 505 | _aContenido: Preguntas resueltas de exámenes de admisión | ||
| 650 |
_aBanco de preguntas _928347 |
||
| 650 |
_aUNSAAC _98726 |
||
| 942 |
_2ddc _cLIBROS |
||
| 945 | _anom | ||